000 00427nam a22001577a 4500
005 20171130111949.0
008 171130b xxu||||| |||| 00| 0 eng d
020 _a9694081378
040 _cPK-LaUMT
082 _aPKAC 297
_bHAM-E
100 _aHamidullah , Muhammad
245 _aThe emergence of Islam/
_cMuhammad Hamidullah
260 _aIslamabad:
_bIslamic research institute,
_c2002
300 _a351 p.
942 _cBK
999 _c100357
_d100357